000
00180 a2200097 4500
020
_a
9781607450436
041
_a
eng
100
_a
Frida Bing
245
_a
Sock and Shoe
942
_c
K
999
_c
31259
_d
31257